MLB major offseason moves 2026 - Statistics

General Stats
  • This quiz has been taken 119 times
    64 since last reset
  • The average score is 24 of 45
Answer Stats
Hint Answer % Correct
Rangers→Mets Marcus Semien
93%
Mets→Rangers Brandon Nimmo
84%
Free Agency→Dodgers Kyle Tucker
80%
Free Agency→Orioles Pete Alonso
80%
Free agency→ Reds Eugenio Suarez
73%
Brewers→Mets Freddy Peralta
73%
Free Agency→Red Sox Ranger Suarez
73%
Free Agency→Braves Robert Suarez
73%
Free Agency→Mets Bo Bichette
68%
Cardinals→Mariners Brendan Donovan
68%
Cardinals→Diamondbacks Nolan Arenado
66%
Rays→Pirates Brandon Lowe
64%
Free Agency→Dodgers Edwin Diaz
64%
White Sox→Mets Luis Robert Jr.
64%
Angels→Orioles Taylor Ward
64%
Free Agency→Cubs Alex Bregman
61%
Free Agency→Tigers Framber Valdez
61%
Free Agency→Blue Jays Dylan Cease
59%
Free Agency→Giants Luis Arraez
55%
Free Agency→White Sox Munetaka Murakami
55%
Free Agency→Pirates Ryan O'Hearn
55%
Free Agency→Yankees Cody Bellinger
52%
Marlins→Cubs Edward Cabrera
52%
Free Agency→Blue Jays Kazuma Okamoto
50%
Free Agency→ Pirates Marcell Ozuna
50%
Free Agency→Giants Harrison Bader
48%
Free Agency→Mets Jorge Polanco
48%
Free Agency→Tigers Justin Verlander
48%
Phillies→Royals Matt Strahm
48%
Cardinals→Red Sox Willson Contreras
48%
Nationals→Rangers MacKenzie Gore
45%
Rays→Orioles Shane Baz
45%
Free Agency→Diamondbacks Zac Gallen
45%
Reds→Rays Gavin Lux
41%
Free Agency→Astros Tatsuya Imai
41%
Free Agency→Diamondbacks Merrill Kelly
39%
Free Agency→Braves Mike Yastrzemski
34%
Free Agency→Padres Nick Castellanos
34%
Royals→Brewers Angel Zerpa
25%
Free Agency→Mets Luke Weaver
25%
Red Sox→White Sox Jordan Hicks
23%
Free Agency→White Sox Austin Hays
20%
Free Agency→Orioles Chris Bassitt
20%
Free Agency→Padres Michael King
20%
Free Agency→Padres Miguel Andujar
18%
No matching quizzes found
Score Distribution
Percent of People with Each Score
Percentile by Number Answered
Your Score History
You have not taken this quiz since the last reset